00589cam a2200205ua 450000500170000000800390001702000180005604000180007404100080009208200150010010000330011524500550014825000120020326000340021530000100024965000140025965000310027365300480030465300310035220201118105519.0180404n ii |||gr||||Z||||||asm a9789381784402 cMAINaIN-DiNC dasm a361.1bSAI aSaikia, Jyotiprasad,eauthor aSamajik samasya aru kalyan/cby Jyotiprasad Saikia a4th ed. aJorhat:bBidya bhawan,c2016. a549p. aSociology aSocial problem and welfare aSocial problems & social welfare in general aSamajik samasya aru kalyan